| 000 | 01162nam a2200313 c 4500 | ||
|---|---|---|---|
| 999 |
_c186383 _d186383 |
||
| 003 | BLK | ||
| 005 | 20240830175328.0 | ||
| 008 | 180411b bul|||||r ||||||| ||bul|| | ||
| 010 | _aKNG00195377000 | ||
| 040 | _aBLK | ||
| 041 |
_aBUL _cBUL |
||
| 080 |
_aАнглийска литература _b821.111 _x-31 _z821.111-31 |
||
| 100 | 1 |
_aМоъм, Уилям Съмърсет _eпърви автор _9373161 |
|
| 139 |
_aМоъм, Уилям Съмърсет _bМ 93 |
||
| 245 | 1 | 0 |
_aЦветният воал _bРоман _cУилям Съмърсет Моъм; прев. от англ. и предг. Иглика Василева. |
| 257 | _aGBR | ||
| 260 |
_aСофия _bПрофиздат _c1987 |
||
| 300 |
_a208 с. _c20 см |
||
| 380 | _aX | ||
| 500 | _aБез тир. | ||
| 700 | 1 |
_aВасилева, Иглика _eпрев. от англ. и предг. _9363502 |
|
| 852 | _aЦб 152681 | ||
| 856 | 4 |
_qpdf _i0.00 _ldisable |
|
| 856 | 4 |
_qpdf _i0.00 _ldisable |
|
| 942 |
_cKNG _n0 _022 _s1 |
||
| 944 |
_aCR _c07.11.2016 _k30575 _lМартин Енчев |
||
| 944 |
_aED _c07.11.2016 _kСтанимира_Цанева |
||
| 999 | _d186383 | ||